Skills performance checklists for clinical nursing skills & techniques (Record no. 9151)
[ view plain ]
| 000 -LEADER | |
|---|---|
| fixed length control field | 02179cam a22002657a 4500 |
| 001 - CONTROL NUMBER | |
| control field | 14887903 |
| 003 - CONTROL NUMBER IDENTIFIER | |
| control field | OSt |
| 005 - DATE AND TIME OF LATEST TRANSACTION | |
| control field | 20231031111830.0 |
| 008 - FIXED-LENGTH DATA ELEMENTS--GENERAL INFORMATION | |
| fixed length control field | 070612s2007 mou f 000 0 eng d |
| 020 ## - INTERNATIONAL STANDARD BOOK NUMBER | |
| International Standard Book Number | 9780323088985 |
| 040 ## - CATALOGING SOURCE | |
| Transcribing agency | LC |
| 050 00 - LIBRARY OF CONGRESS CALL NUMBER | |
| Classification number | RT51.P36 |
| 100 ## - MAIN ENTRY--PERSONAL NAME | |
| Personal name | Perry, Anne Griffin |
| 9 (RLIN) | 110 |
| 245 10 - TITLE STATEMENT | |
| Title | Skills performance checklists for clinical nursing skills & techniques |
| Statement of responsibility, etc. | Anne Griffin Perry, Patricia A. Potter, Wendy Ostendorf. |
| 250 ## - EDITION STATEMENT | |
| Edition statement | 8th ed. |
| 260 ## - PUBLICATION, DISTRIBUTION, ETC. | |
| Place of publication, distribution, etc. | Maryland heights, Missouri: |
| Name of publisher, distributor, etc. | Mosby Elsevier, |
| Date of publication, distribution, etc. | 2014. |
| 300 ## - PHYSICAL DESCRIPTION | |
| Extent | viii, 616 p. ; |
| Dimensions | 28 cm. |
| 505 ## - FORMATTED CONTENTS NOTE | |
| Formatted contents note | Contents: Using evidence in practice(no checklists in this chapter) -- Admitting, transfer and discharge -- Communication -- Documentation and informatics -- Vital signs -- Health assessment -- Medical asepsis -- Sterile technique -- Safe patient handling, transfer and positioning -- Exercise and ambulation -- Orthopedic measures -- Support surfaces and special beds -- Safety and quality improvement -- Disaster preparedness -- Pain assessment and basic comfort measures -- Palliative care -- Personal hygiene and bed making -- Pressure ulcer care -- Care of the eye and ear -- Safe medicine preparation(no checklists in this chapter) -- Oral and topical medications -- Parenteral medications -- Oxygen therapy -- Performing chest physiotherapy -- Airway management -- Closed chest drainage systems -- Emergency measures for life support -- Intravenous and vascular access therapy -- Blood transfusions -- Oral nutrition -- Enteral nutrition -- Parental nutrition -- Urinary elimination -- Bowel elimination and gastric intubation -- Ostomy care -- Preoperative and postoperative care -- intraoperative care -- Wound care and irrigations -- Dressings, bandages and binders -- Therapeutic use of heat and cold -- Home care safety -- Home care teaching -- Specimen collection -- Diagnostic procedures -- |
| 650 #0 - SUBJECT ADDED ENTRY--TOPICAL TERM | |
| Topical term or geographic name entry element | Nursing |
| Form subdivision | Handbooks, manuals, etc. |
| 9 (RLIN) | 194 |
| 700 ## - ADDED ENTRY--PERSONAL NAME | |
| Personal name | Potter, Patricia A. |
| 9 (RLIN) | 195 |
| 700 ## - ADDED ENTRY--PERSONAL NAME | |
| Personal name | Ostendorf, Wendy |
| 9 (RLIN) | 196 |
| 942 ## - ADDED ENTRY ELEMENTS (KOHA) | |
| Source of classification or shelving scheme | Library of Congress Classification |
| Koha item type | Books |
| Withdrawn status | Lost status | Source of classification or shelving scheme | Damaged status | Not for loan | Home library | Current library | Shelving location | Date acquired | Full call number | Barcode | Date last seen | Price effective from | Koha item type |
|---|---|---|---|---|---|---|---|---|---|---|---|---|---|
| Library of Congress Classification | WISCONSIN INTERNATIONAL UNIVERSITY COLLEGE, GHANA KUMASI LIBRARY | WISCONSIN INTERNATIONAL UNIVERSITY COLLEGE, GHANA KUMASI LIBRARY | nursing | 26/11/2019 | RT51.P36(8e) | KSN/811/811/19 | 17/08/2022 | 17/08/2022 | Books |
